Catálogo de las obras que figuraron en la Exposición Bibliográfica del Movimiento / Gloria Sancho y Anita Carrasco
Descripción Física:
p. 139 a 162 ; 21 cm
Otros Autores:
Carrasco, Anita
MARC
| LEADER | 00000nam a2200000Ia 4500 | ||
|---|---|---|---|
| 001 | 10987 | ||
| 008 | 160829s1942 xx 000 0 cat d | ||
| 080 | |a FU-12-51 | ||
| 100 | |a Sancho, Gloria |9 25343 | ||
| 245 | |a Catálogo de las obras que figuraron en la Exposición Bibliográfica del Movimiento / Gloria Sancho y Anita Carrasco | ||
| 260 | |a Barcelona : |b (Imp. Casa Caritat), |c 1942 | ||
| 300 | |a p. 139 a 162 ; |c 21 cm | ||
| 590 | |a Separata de l'Anuario de 1941, de la Biblioteca Central. | ||
| 650 | |a Franquisme |x Bibliografia |x Exposicions |9 25344 | ||
| 700 | |a Carrasco, Anita |9 25345 | ||
| 856 | 4 | |u https://media.diba.cat/diba/fitxers/arxiu/fulletons/bib_10987_baixa.pdf |y Accés lliure | |
| 856 | 4 | |u https://media.diba.cat/diba/fitxers/arxiu/fulletons/bib_10987_baixa.pdf |y Accés lliure | |
| 901 | |a Arxiu | ||
| 942 | |n 1 |2 udc | ||
| 952 | |0 0 |1 0 |4 0 |6 FU1251 |7 1 |9 43570 |a Arxiu |b Arxiu |d 2016-12-01 |l 0 |o FU-12-51 |p 10987 |r 2016-12-01 00:00:00 |w 2016-12-01 |y ARXIU | ||
| 999 | |c 46117 |d 46117 | ||
| 900 | |a bib_10987_baixa.pdf | ||